LEADER 01203nam a22003255i 4500 001 991002220129707536 007 cr nn 008mamaa 008 121227s2001 de | s |||| 0|eng d 020 $a9783540445630 035 $ab14139984-39ule_inst 040 $aBibl. Dip.le Aggr. Matematica e Fisica - Sez. Matematica$beng 082 04$a515.785$223 084 $aAMS 42B30 084 $aAMS 43A65 084 $aAMS 46L05 100 1 $aPisier, Gilles$049047 245 10$aSimilarity problems and completely bounded maps$h[e-book] :$bsecond, expanded edition /$cby Gilles Pisier 246 3 $aIncludes the solution to "The Halmos Problem" 260 $aBerlin :$bSpringer,$c2001 300 $a1 online resource (x, 202 p.) 440 0$aLecture Notes in Mathematics,$x1617-9692 ;$v1618 650 0$aMathematics 650 0$aHarmonic analysis 773 0 $aSpringer eBooks 856 40$uhttp://dx.doi.org/10.1007/b55674$zAn electronic book accessible through the World Wide Web 907 $a.b14139984$b03-03-22$c05-09-13 912 $a991002220129707536 996 $aSimilarity problems and completely bounded maps$978071 997 $aUNISALENTO 998 $ale013$b05-09-13$cm$d@ $e-$feng$gde $h0$i0 LEADER 00986nam0 22002291i 450 001 UON00209715 005 20231205103329.675 100 $a20030730d1949 |0itac50 ba 101 $aita 102 $aIT 105 $a|||| ||||| 200 1 $a Imperia$elo stato supernazionale nel suo determinarsi teorico dai pensatori greci al De Monarchia di Dante e nelle sue attuazioni storiche dai faraoni della XVIII dinastia a Federico II di Svevia$fRoberto Paribeni 210 $aArona$cPaide ia$d1949. XIV$d463 p. ; 25 cm. 620 $dArona$3UONL002559 700 1$aPARIBENI$bRoberto$3UONV064700$0181225 712 $aPaideia$3UONV246767$4650 801 $aIT$bSOL$c20250912$gRICA 899 $aSIBA - SISTEMA BIBLIOTECARIO DI ATENEO$2UONSI 912 $aUON00209715 950 $aSIBA - SISTEMA BIBLIOTECARIO DI ATENEO$dSI TEORIA POL0775 $eSI MR 27025 5 $sBuono 996 $aImperia$9522488 997 $aUNIOR